000 00986cab a2200265 4500
001 ABS52041
008 090401t1994 xxu||||| |||| 00| 0 eng d
035 _a(Sirsi) u56145
041 _aeng
100 _aParker, D.E.
245 _aProject budgeting for buildings
260 _c1994
350 _a0
490 _aCost Engineering
_v36(12) December 1994, 13-18(6)
520 _aDescribes a methodology to prepare a complete project budget based on design program data, criteria, design parameters and level of quality desired by the owner. It explains how this is possible prior to hiring an architect and why budgets developed using this system are more effective for cost control. (US practice)
650 _aBUDGET METHOD
650 _aCOST CONTROL
650 _aCOSTING METHODS
650 _aPROJECT BUDGETING
650 _aUNITED STATES
690 _aBUILT ENVIRONMENT-BUILDING COSTS
690 _aProject management
_96261
942 _n0
948 _c04/03/1997
999 _c34253
_d34253